Icons of piety, images of whimsy : (Record no. 18556)

000 -LEADER
fixed length control field 01389pam a2200325 a 4500
001 - CONTROL NUMBER
control field 517651
005 - DATE AND TIME OF LATEST TRANSACTION
control field 20170113083550.0
008 - FIXED-LENGTH DATA ELEMENTS--GENERAL INFORMATION
fixed length control field 861126s1987 caua cb 000 0 eng
010 ## - LIBRARY OF CONGRESS CONTROL NUMBER
LC control number 86027738
020 ## - INTERNATIONAL STANDARD BOOK NUMBER
International Standard Book Number 0875871356 (pbk.)
050 00 - LIBRARY OF CONGRESS CALL NUMBER
Classification number NK4150.6 .P73 1987
100 1# - MAIN ENTRY--PERSONAL NAME
Personal name Pratapaditya, Pal.
245 10 - TITLE STATEMENT
Title Icons of piety, images of whimsy :
Remainder of title Asian terra-cottas from the Walter-Grounds Collection /
Statement of responsibility, etc. Pratapaditya Pal.
260 ## - PUBLICATION, DISTRIBUTION, ETC. (IMPRINT)
Place of publication, distribution, etc. Los Angeles, Calif. :
Name of publisher, distributor, etc. Los Angeles County Museum of Art,
Date of publication, distribution, etc. c1987.
300 ## - PHYSICAL DESCRIPTION
Extent 124 p. :
Other physical details ill. (some col.) ;
Dimensions 30 cm.
500 ## - GENERAL NOTE
General note Catalog of an exhibition held by the Los Angeles County Museum of Art and circulated by the American Federation of the Arts.
504 ## - BIBLIOGRAPHY, ETC. NOTE
Bibliography, etc Bibliography: p. 121-123.
600 10 - SUBJECT ADDED ENTRY--PERSONAL NAME
Personal name Grounds, Marilyn Walter
General subdivision Art collections
-- Exhibitions.
600 10 - SUBJECT ADDED ENTRY--PERSONAL NAME
Personal name Walter, Paul F.
General subdivision Art collections
-- Exhibitions.
650 #0 - SUBJECT ADDED ENTRY--TOPICAL TERM
Topical term or geographic name as entry element Terra-cotta figurines
Geographic subdivision South Asia
General subdivision Exhibitions.
650 #0 - SUBJECT ADDED ENTRY--TOPICAL TERM
Topical term or geographic name as entry element Terra-cotta figurines
General subdivision Private collections
Geographic subdivision United States
General subdivision Exhibitions.
710 2# - ADDED ENTRY--CORPORATE NAME
Corporate name or jurisdiction name as entry element Los Angeles County Museum of Art.
710 2# - ADDED ENTRY--CORPORATE NAME
Corporate name or jurisdiction name as entry element American Federation of Arts.
942 ## - ADDED ENTRY ELEMENTS (KOHA)
Source of classification or shelving scheme
Koha item type Hard Covered Materials
Classification part NK4150.6 .P73 1987

No items available.

© Machakos University Library, Along The Highway, Machakos Wote Rd, Machakos, Kenya P.O. Box 136 - 90100 Machakos - Kenya

Tel: ( +254 ) 723 805829 OR Fax : 044-20353 OR Email: library@mksu.ac.ke